| 000 | 01332cam a2200253 4500 | ||
|---|---|---|---|
| 008 | 040108n1999 000 0 eng u | ||
| 020 | _a1859414850 | ||
| 035 | _a(Sirsi) u124768 | ||
| 041 | _aeng | ||
| 050 | _a347.42052 | ||
| 100 | _aBoon, Andy | ||
| 245 | _aAdvocacy | ||
| 250 | _a2nd ed. | ||
| 260 |
_aLondon _bCavendish _c1999 |
||
| 300 |
_axx, 228p. _c22cm |
||
| 490 | _aCavendish Legal Skills Series | ||
| 520 | _aAimed at students, this is an introduction to practice of advocacy using a practical skills based approach and drawing on a wide range of material from the UK and other commonlaw jurisdictions. Uses practical exercises to develop the skills required for effective advocacy from the planning stage to the execution. Includes chapters on analysis, opening, examination, cross-examination and closing. This edition has been updated to incorporate the new Civil Procedure Rules and includes a new chapter on changes in the courses training new barristers and solicitor advocates. Also examines in detail the technique of advocate Sir Norman Birkett QC. | ||
| 650 | _aMANAGEMENT-DISPUTE AVOIDANCE, MANAGEMENT AND RESOLUTION-DISPUTE MANAGEMENT AND RESOLUTION-ADVOCACY | ||
| 650 | _aCOURT PROCEDURES | ||
| 650 | _aCIVIL PROCEDURE RULES | ||
| 650 | _aLEGAL PROFESSION | ||
| 690 | _aLAW | ||
| 942 | _n0 | ||
| 999 |
_c103274 _d103274 |
||